| 000 | 00396nab a2200145Ia 4500 | ||
|---|---|---|---|
| 003 | ES-SlBCS | ||
| 005 | 20210601124259.0 | ||
| 008 | 140529s1956 xxu||||| |||| 00| 0 eng d | ||
| 041 | _aeng | ||
| 100 | 1 |
_aBoyd, Basil _9139028 |
|
| 245 | 0 | 0 |
_aHow Study can Be Virtuous _c Basil Boyd |
| 650 | 0 | 4 |
_aEstudio _991062 |
| 773 | 0 |
_tDominicana _gvol. 41, nº. 3, 1956, págs. 207-211 _wRev1398 |
|
| 942 | _cAR | ||
| 999 |
_c512238 _d512238 |
||